Municípios do Amazonas em um Mapa - Statistics

Estatísticas Gerais
  • Esse quiz foi jogado 3 451 vezes
  • A pontuação média é 24 de 62
Respostas no mapa
Respostas codificadas por cores de uma escala verde-vermelha no mapa do quiz de acordo com a % correta abaixo.
 
Estatísticas das Respostas
Município % Correto
Manaus
97%
Parintins
74%
São Gabriel da Cachoeira
66%
Itacoatiara
59%
Boca do Acre
58%
Manacapuru
58%
Tefé
58%
Barcelos
57%
Coari
56%
Humaitá
56%
Presidente Figueiredo
53%
Tabatinga
51%
Iranduba
49%
Lábrea
48%
Maués
46%
Rio Preto da Eva
44%
Benjamin Constant
43%
Borba
42%
Manicoré
42%
Atalaia do Norte
40%
Careiro
40%
Apuí
39%
Novo Airão
39%
Santa Isabel do Rio Negro
39%
Eirunepé
37%
Autazes
36%
Nhamundá
36%
São Paulo de Olivença
36%
Barreirinha
35%
Codajás
35%
Careiro da Várzea
33%
Jutaí
33%
Envira
32%
Ipixuna
32%
Japurá
32%
Manaquiri
32%
Tonantins
32%
Alvarães
31%
Anamã
31%
Maraã
31%
Anori
30%
Beruri
30%
Fonte Boa
30%
Juruá
30%
Novo Aripuanã
30%
Santo Antônio do Içá
30%
Silves
30%
Urucará
30%
Carauari
29%
Guajará
29%
Nova Olinda do Norte
29%
Tapauá
29%
Canutama
28%
Itapiranga
28%
Pauini
28%
Amaturá
27%
Itamarati
27%
Urucurituba
27%
Boa Vista do Ramos
26%
Caapiranga
25%
Uarini
25%
São Sebastião do Uatumã
22%
Nenhum quiz correspondente encontrado
Distribuição das Pontuações
Porcentagem de Pessoas com Cada Pontuação
Percentil de Números Respondidos
Sua Pontuação Histórica
Você não jogou esse quiz